MARC

LEADER 00000nam0a2200000 4500
001 24595
005 20231030200259.0
010 |a 5271004228 
010 |a 5-17-000241-6 
035 |a (RuTPU)RU\TPU\book\24824 
035 |a BOOK00002589 
090 |a 24595 
100 |a 20011209d2000 m y0rusy50 ca 
101 0 |a rus 
102 |a RU 
105 |a a z 000ay 
200 1 |a Мифы Древней Греции  |f Н. А. Кун 
210 |a Москва  |c Астрель  |c АСТ  |d 2000 
215 |a 528 с.  |c ил. 
225 1 |a Мифы народов мира 
610 1 |a история 
610 1 |a философия 
610 1 |a Древняя Греция 
610 1 |a мифы 
610 1 |a легенды 
610 1 |a культура 
675 |a 875  |v 3 
700 1 |a Кун  |b Н. А.  |g Николай Альбертович 
801 0 |a RU  |b 63413507  |c 20011209  |g PSBO 
801 2 |a RU  |b 63413507  |c 20130122  |g PSBO 
942 |c BK